[Event "Bunratty Online"]
[Site "Chess.com INT"]
[Date "2021.02.20"]
[Round "7"]
[White "Doluhanova, Evgeniya"]
[Black "Morriss, Pete R"]
[Result "1-0"]
[WhiteElo "2212"]
[BlackElo "2017"]
[PlyCount "95"]
[EventDate "2021.02.20"]
[EventType "swiss (blitz)"]
[EventRounds "9"]
[EventCountry "IRL"]
[SourceTitle "CBM 200 Extra"]
[Source "ChessBase"]
[SourceDate "2021.03.31"]
[SourceVersion "1"]
[SourceVersionDate "2021.03.31"]
[SourceQuality "1"]

1. Nf3 Nf6 2. b3 e6 3. Bb2 c5 4. e3 Nc6 5. Bb5 d5 6. 0-0 Bd6 7. Ne5 Bd7 8. Bxc6 Bxc6 9. d3 Qc7 10. f4 0-0 11. Nd2 Nd7 12. Nxc6 Qxc6 13. Nf3 f6 14. Qe1 Nb6 15. Qh4 Qd7 16. Rae1 c4 17. e4 cxb3 18. axb3 Rac8 19. c4 Bb4 20. Rd1 dxc4 21. dxc4 Qf7 22. Kh1 Qg6 23. e5 f5 24. Bd4 Rc6 25. Ra1 a5 26. Rfd1 a4 27. Bxb6 Rxb6 28. Rxa4 Bc5 29. Ra5 Be3 30. Rb5 Rxb5 31. cxb5 Qg4 32. Qxg4 fxg4 33. Ng5 Bxf4 34. Nxe6 Bxe5 35. Nxf8 Kxf8 36. b6 Ke7 37. g3 h5 38. Kg2 g5 39. Rd5 Ke6 40. Rd8 h4 41. Rg8 h3+ 42. Kf1 Bf6 43. Rb8 Be5 44. Rxb7 Kd5 45. Rh7 Kc6 46. b7 Bb8 47. Rg7 Bd6 48. Rg6 1-0

[Event "Wch Seniors 65 29th"]
[Site "Bucharest"]
[Date "2019.11.19"]
[Round "7"]
[White "Morriss, Pete R"]
[Black "Serra Olives, Tomas"]
[Result "0-1"]
[WhiteElo "2013"]
[BlackElo "2147"]
[PlyCount "90"]
[EventDate "2019.11.12"]
[EventType "swiss"]
[EventRounds "11"]
[EventCountry "ROU"]
[SourceTitle "CBM 193 Extra"]
[Source "ChessBase"]
[SourceDate "2020.01.31"]
[SourceVersion "1"]
[SourceVersionDate "2020.01.31"]
[SourceQuality "1"]

1. b4 e5 2. Bb2 Bxb4 3. Bxe5 Nf6 4. a3 Bc5 5. e3 d5 6. Nf3 0-0 7. d4 Be7 8. Be2 Nc6 9. 0-0 Ne4 10. c4 dxc4 11. Bxc4 Bg4 12. Bf4 Bf6 13. Ra2 Qe7 14. Bd3 Rad8 15. Bxc7 Rd7 16. Bg3 Rfd8 17. Qc2 Bxf3 18. gxf3 Nxg3 19. hxg3 g6 20. Be4 Rc7 21. Qb3 Rdc8 22. Nd2 Na5 23. Qb4 b6 24. Bd3 Qe6 25. Raa1 Be7 26. Qb2 Rc3 27. Ba6 R8c7 28. Rfc1 Bxa3 29. Qxc3 Rxc3 30. Rxc3 Bb4 31. Rc8+ Kg7 32. Ne4 b5 33. Nc5 Qb6 34. Nd3 Qxa6 35. Rc2 Qd6 36. Rb1 Nc6 37. Rbc1 Ne7 38. Rc7 Bd2 39. R1c5 Bxe3 40. fxe3 Qxg3+ 41. Kf1 Qxf3+ 42. Nf2 Nf5 43. Rxa7 Nxe3+ 44. Ke1 Ng2+ 45. Kf1 Nf4 0-1

[Event "Wch Seniors 65 29th"]
[Site "Bucharest"]
[Date "2019.11.14"]
[Round "3"]
[White "Morriss, Pete R"]
[Black "Steigum, Erling"]
[Result "0-1"]
[WhiteElo "2013"]
[BlackElo "1868"]
[PlyCount "88"]
[EventDate "2019.11.12"]
[EventType "swiss"]
[EventRounds "11"]
[EventCountry "ROU"]
[SourceTitle "CBM 193 Extra"]
[Source "ChessBase"]
[SourceDate "2020.01.31"]
[SourceVersion "1"]
[SourceVersionDate "2020.01.31"]
[SourceQuality "1"]

1. c4 Nf6 2. Nc3 e5 3. g3 Bb4 4. Bg2 0-0 5. e4 Bxc3 6. bxc3 d6 7. Ne2 Nc6 8. 0-0 b6 9. f4 Bg4 10. f5 Ne8 11. d3 f6 12. h3 Bxe2 13. Qxe2 Qd7 14. g4 g5 15. fxg6 hxg6 16. h4 Ng7 17. Bh3 Ne7 18. Kh2 Kh7 19. h5 g5 20. d4 Ne6 21. Bg2 Nf4 22. Bxf4 gxf4 23. Bh3 Qe8 24. a4 a5 25. Rg1 Rg8 26. Qf2 Rg5 27. Bf1 Qc6 28. Bd3 Rag8 29. Qe2 Qd7 30. c5 Rxg4 31. Rxg4 Rxg4 32. Qf2 Rg3 33. Bf1 Qg4 34. Kh1 Qg5 35. cxd6 cxd6 36. Rb1 Nc8 37. Qh2 Rg4 38. Bh3 Rh4 39. Rg1 Qxh5 40. Bf5+ Kh8 41. Rg2 Qd1+ 42. Rg1 Rxh2+ 43. Kxh2 Qd2+ 44. Rg2 Qxc3 0-1

[Event "WchT Seniors 65"]
[Site "Rhodes"]
[Date "2019.04.19"]
[Round "4.12"]
[White "Rantanen, Veikko J"]
[Black "Morriss, Pete R"]
[Result "0-1"]
[WhiteElo "1971"]
[BlackElo "1968"]
[PlyCount "54"]
[EventDate "2019.04.16"]
[EventType "team-swiss"]
[EventRounds "9"]
[EventCountry "GRE"]
[SourceTitle "CBM 190 Extra"]
[Source "ChessBase"]
[SourceDate "2019.07.15"]
[SourceVersion "1"]
[SourceVersionDate "2019.07.15"]
[SourceQuality "1"]
[WhiteTeam "Turku"]
[BlackTeam "Ireland II"]
[WhiteTeamCountry "FIN"]
[BlackTeamCountry "IRL"]

1. c4 Nf6 2. g3 e6 3. Bg2 c5 4. Nf3 Be7 5. 0-0 0-0 6. Nc3 Nc6 7. d4 d5 8. cxd5 exd5 9. dxc5 Bxc5 10. Bg5 Be6 11. Rc1 Be7 12. Nd4 Nxd4 13. Qxd4 h6 14. Bd2 b6 15. b4 Qd7 16. a3 Rad8 17. Rfd1 Ng4 18. Qd3 Ne5 19. Qa6 d4 20. Nb5 Bc4 21. a4 Bxe2 22. Re1 Nf3+ 23. Bxf3 Bxf3 24. Nc7 Rc8 25. Qd3 Bb7 26. Bf4 Bxb4 27. Red1 Bc5 0-1

[Event "EU-ch Seniors 65 19th"]
[Site "Rhodes"]
[Date "2019.04.12"]
[Round "7"]
[White "Morriss, Pete R"]
[Black "Renman, Nils Gustaf"]
[Result "0-1"]
[WhiteElo "1968"]
[BlackElo "2358"]
[PlyCount "74"]
[EventDate "2019.04.06"]
[EventType "swiss"]
[EventRounds "9"]
[EventCountry "GRE"]
[SourceTitle "CBM 189 Extra"]
[Source "ChessBase"]
[SourceDate "2019.06.03"]
[SourceVersion "1"]
[SourceVersionDate "2019.06.03"]
[SourceQuality "1"]

1. b4 d5 2. Bb2 Bf5 3. Nf3 Nf6 4. e3 e6 5. c4 c6 6. b5 c5 7. Be2 h6 8. 0-0 dxc4 9. Na3 Be7 10. Nxc4 0-0 11. d4 Nbd7 12. a4 Rc8 13. Rc1 Nd5 14. Qd2 Bh7 15. Rfd1 cxd4 16. Bxd4 Nc5 17. Qb2 f6 18. Bxc5 Bxc5 19. Nd4 Qe7 20. Bf3 Rfd8 21. Qb3 Nb4 22. Bxb7 Qxb7 23. Nxe6 Rxd1+ 24. Qxd1 Qe7 25. Nd6 Qxe6 26. Nxc8 Nd3 27. Rxc5 Nxc5 28. Nxa7 Be4 29. Qd4 Qb3 30. f3 Qb1+ 31. Kf2 Nd3+ 32. Kg3 Qe1+ 33. Kg4 Ne5+ 34. Kh3 Bf5+ 35. g4 Qf1+ 36. Kg3 Qxf3+ 37. Kh4 Ng6+ 0-1

[Event "EU-ch Seniors 65 19th"]
[Site "Rhodes"]
[Date "2019.04.10"]
[Round "5"]
[White "Kiefer, Gerhard"]
[Black "Morriss, Pete R"]
[Result "1-0"]
[WhiteElo "2279"]
[BlackElo "1968"]
[PlyCount "91"]
[EventDate "2019.04.06"]
[EventType "swiss"]
[EventRounds "9"]
[EventCountry "GRE"]
[SourceTitle "CBM 189 Extra"]
[Source "ChessBase"]
[SourceDate "2019.06.03"]
[SourceVersion "1"]
[SourceVersionDate "2019.06.03"]
[SourceQuality "1"]

1. e4 c6 2. d4 d5 3. Nc3 dxe4 4. Nxe4 Nd7 5. Bc4 Ngf6 6. Ng5 e6 7. Qe2 Nb6 8. Bd3 h6 9. N5f3 c5 10. dxc5 Nbd7 11. b4 Nd5 12. Bd2 Qf6 13. Rb1 a5 14. a3 Nc3 15. Bxc3 Qxc3+ 16. Qd2 Qxa3 17. Bb5 axb4 18. Ne5 Qc3 19. Qxc3 bxc3 20. Rd1 Bxc5 21. Nxd7 Bxd7 22. Rxd7 0-0 23. Rd1 Ra2 24. Bd3 b5 25. Ne2 b4 26. Nc1 Rb2 27. Nb3 Be7 28. Ke2 e5 29. g4 Bg5 30. h4 Bf4 31. h5 Bg5 32. Be4 Rc8 33. f3 Kf8 34. Rb1 Rxb1 35. Rxb1 Rd8 36. Rd1 Rxd1 37. Kxd1 Be7 38. Ke2 Bd6 39. Kd3 Ke7 40. Kc4 Kf6 41. Nc5 g6 42. Bd5 gxh5 43. Ne4+ Ke7 44. gxh5 f5 45. Nxd6 Kxd6 46. Ba8 1-0

[Event "BCF-ch Seniors 65"]
[Site "Coventry"]
[Date "2015.08.01"]
[Round "6"]
[White "Bielby, Paul R"]
[Black "Morriss, Pete R"]
[Result "1-0"]
[WhiteElo "1950"]
[BlackElo "2075"]
[PlyCount "51"]
[EventDate "2015.07.27"]
[EventType "swiss"]
[EventRounds "6"]
[EventCountry "ENG"]
[SourceTitle "CBM 167 Extra"]
[Source "ChessBase"]
[SourceDate "2015.09.14"]
[SourceVersion "1"]
[SourceVersionDate "2015.09.14"]
[SourceQuality "1"]

1. e4 c6 2. d4 d5 3. exd5 cxd5 4. c4 Nf6 5. Nc3 e6 6. Nf3 Be7 7. Bf4 0-0 8. c5 Nh5 9. Bg3 Nd7 10. b4 b6 11. Bd3 a5 12. a3 axb4 13. axb4 Bb7 14. Nb5 Nxg3 15. hxg3 h6 16. Rxa8 Qxa8 17. 0-0 e5 18. Bf5 Bc6 19. Nd6 e4 20. Bxd7 exf3 21. Bxc6 Qxc6 22. Nf5 Bf6 23. Qxf3 Ra8 24. Rb1 Qa4 25. Qxd5 Qc2 26. Qxa8+ 1-0

[Event "BCF-ch Seniors 65"]
[Site "Coventry"]
[Date "2015.07.31"]
[Round "5"]
[White "Morriss, Pete R"]
[Black "Charnley, Bernard J"]
[Result "1-0"]
[WhiteElo "2075"]
[BlackElo "2020"]
[PlyCount "75"]
[EventDate "2015.07.27"]
[EventType "swiss"]
[EventRounds "6"]
[EventCountry "ENG"]
[SourceTitle "CBM 167 Extra"]
[Source "ChessBase"]
[SourceDate "2015.09.14"]
[SourceVersion "1"]
[SourceVersionDate "2015.09.14"]
[SourceQuality "1"]

1. b4 e5 2. Bb2 d6 3. c4 f5 4. e3 Nf6 5. d4 e4 6. Ne2 d5 7. c5 Nc6 8. b5 Nb8 9. Nf4 g5 10. Nh5 Be6 11. Be2 Bf7 12. Nd2 c6 13. a4 Nbd7 14. a5 a6 15. bxc6 bxc6 16. g3 Bg6 17. Bc3 Kf7 18. Rb1 Qc8 19. Rb3 Ne8 20. 0-0 Nc7 21. g4 Bxh5 22. gxh5 g4 23. Kh1 Rg8 24. Rg1 Bh6 25. Nf1 Nb5 26. Ng3 Nf6 27. Bd2 Rg5 28. h4 gxh3 29. f4 exf3 30. Bxf3 Ne4 31. Nxe4 fxe4 32. Bg4 Qc7 33. Be1 Rag8 34. Bh4 R5g7 35. Qf1+ Bf4 36. Qxh3 Re8 37. Be6+ Kf8 38. Qf5+ 1-0

[Event "BCF-ch Seniors 65"]
[Site "Coventry"]
[Date "2015.07.30"]
[Round "4"]
[White "Norman, Kenneth I"]
[Black "Morriss, Pete R"]
[Result "1-0"]
[WhiteElo "2113"]
[BlackElo "2075"]
[PlyCount "113"]
[EventDate "2015.07.27"]
[EventType "swiss"]
[EventRounds "6"]
[EventCountry "ENG"]
[SourceTitle "CBM 167 Extra"]
[Source "ChessBase"]
[SourceDate "2015.09.14"]
[SourceVersion "1"]
[SourceVersionDate "2015.09.14"]
[SourceQuality "1"]

1. Nf3 Nf6 2. c4 e6 3. g3 a6 4. Bg2 b5 5. b3 Bb7 6. 0-0 c5 7. Nc3 d5 8. cxd5 Nxd5 9. Bb2 Nd7 10. d4 N7f6 11. dxc5 Bxc5 12. Nxd5 Bxd5 13. Rc1 Rc8 14. Ne5 0-0 15. Bxd5 Nxd5 16. Nd3 Be7 17. Rxc8 Qxc8 18. Qa1 Bf6 19. Bxf6 Nxf6 20. Rc1 Qa8 21. Qc3 Qe4 22. Rc2 h5 23. Qc6 Rd8 24. Qxe4 Nxe4 25. f3 Nf6 26. Rc6 Ra8 27. Kf2 Nd5 28. e4 Ne7 29. Rc7 Kf8 30. Ke3 Ke8 31. h4 Kd8 32. Rc5 g6 33. b4 f6 34. g4 hxg4 35. fxg4 Kd7 36. Rc2 Rh8 37. Nc5+ Kd6 38. Rd2+ Kc6 39. Rh2 a5 40. Nxe6 axb4 41. Nd4+ Kc5 42. h5 f5 43. exf5 Nd5+ 44. Kd3 gxh5 45. Ne6+ Kd6 46. Kd4 h4 47. Ng5 Ra8 48. Ne4+ Kc6 49. Rxh4 Rxa2 50. Rh6+ Kc7 51. Kxd5 b3 52. Rc6+ Kd8 53. Rb6 Ke8 54. Rxb5 Ra6 55. Kc5 Ra4 56. Nd6+ Ke7 57. Nc4 1-0

[Event "BCF-ch Seniors 65"]
[Site "Coventry"]
[Date "2015.07.29"]
[Round "3"]
[White "Morriss, Pete R"]
[Black "Goodwin, Ed H"]
[Result "1-0"]
[WhiteElo "2075"]
[BlackElo "1795"]
[PlyCount "97"]
[EventDate "2015.07.27"]
[EventType "swiss"]
[EventRounds "6"]
[EventCountry "ENG"]
[SourceTitle "CBM 167 Extra"]
[Source "ChessBase"]
[SourceDate "2015.09.14"]
[SourceVersion "1"]
[SourceVersionDate "2015.09.14"]
[SourceQuality "1"]

1. b4 e5 2. Bb2 Bxb4 3. Bxe5 Nf6 4. a3 Ba5 5. c4 0-0 6. e3 Re8 7. Nf3 Nc6 8. Bb2 d5 9. cxd5 Nxd5 10. Be2 Bf5 11. 0-0 h6 12. Nc3 Nxc3 13. dxc3 Qxd1 14. Rfxd1 Rad8 15. Nd4 Nxd4 16. cxd4 c6 17. Rdc1 Bb6 18. a4 a6 19. a5 Bc7 20. Bf3 Be4 21. Bxe4 Rxe4 22. Bc3 Rd5 23. Bb4 f5 24. g3 Rb5 25. Rab1 Re6 26. Be1 Rd6 27. Rxb5 axb5 28. Bb4 Rd7 29. Kf1 Bd6 30. Bc5 g6 31. Ke2 Bxc5 32. Rxc5 Rd6 33. d5 cxd5 34. Rxb5 Rd7 35. Kd3 Kf7 36. Kd4 Ke6 37. Rb6+ Kf7 38. Ke5 Re7+ 39. Kxd5 Rd7+ 40. Kc5 Rd2 41. Rxb7+ Kf6 42. Rb4 Rxf2 43. h4 Ra2 44. Kb6 Ra3 45. a6 Rxe3 46. a7 Re6+ 47. Ka5 Re5+ 48. Ka6 Re3 49. Rb6+ 1-0

[Event "SCO-ch 122nd"]
[Site "Edinburgh"]
[Date "2015.07.17"]
[Round "7"]
[White "Morriss, Pete R"]
[Black "Arakhamia Grant, Ketevan"]
[Result "0-1"]
[WhiteElo "2075"]
[BlackElo "2374"]
[PlyCount "86"]
[EventDate "2015.07.11"]
[EventType "swiss"]
[EventRounds "9"]
[EventCountry "SCO"]
[SourceTitle "CBM 167 Extra"]
[Source "ChessBase"]
[SourceDate "2015.09.14"]
[SourceVersion "1"]
[SourceVersionDate "2015.09.14"]
[SourceQuality "1"]

1. b4 e5 2. Bb2 d6 3. c4 Nf6 4. e3 g6 5. d4 Nbd7 6. Nf3 Bg7 7. Be2 0-0 8. Nc3 a5 9. b5 b6 10. a4 Bb7 11. 0-0 Re8 12. Qc2 exd4 13. Nxd4 Nc5 14. Bf3 Bxf3 15. Nxf3 Qd7 16. Rfd1 Qg4 17. Ne2 Re4 18. Nfd4 Qh4 19. Ng3 Ree8 20. Nf3 Qh6 21. h3 Nfd7 22. Bxg7 Qxg7 23. Ne2 f5 24. Nf4 Nf6 25. Nd4 Re4 26. Rac1 Rae8 27. Nd3 Ncd7 28. Nf4 Qf7 29. Nde2 Nc5 30. Nd3 Ncd7 31. Ndf4 R4e5 32. Nd3 R5e7 33. Ndf4 Nc5 34. Nd4 Rf8 35. Nc6 Ree8 36. Nd5 Nxd5 37. Rxd5 f4 38. exf4 Qxf4 39. Rd4 Qf5 40. Qxf5 Rxf5 41. f4 Nb3 42. Rf1 Nxd4 43. Nxd4 Rc5 0-1

[Event "Wch Seniors 65 24th"]
[Site "Katerini"]
[Date "2014.11.01"]
[Round "8"]
[White "Rooze, Jan"]
[Black "Morriss, Pete R"]
[Result "1-0"]
[WhiteElo "2341"]
[BlackElo "2032"]
[PlyCount "35"]
[EventDate "2014.10.24"]
[EventType "swiss"]
[EventRounds "11"]
[EventCountry "GRE"]
[SourceTitle "EXT 2015"]
[Source "ChessBase"]
[SourceDate "2014.11.20"]
[SourceVersion "1"]
[SourceVersionDate "2014.11.20"]
[SourceQuality "1"]

1. c4 Nf6 2. g3 e6 3. Bg2 a6 4. b3 c5 5. Nf3 b5 6. 0-0 Bb7 7. Bb2 Be7 8. Nc3 b4 9. Na4 0-0 10. d4 d6 11. dxc5 dxc5 12. Qxd8 Rxd8 13. Ne5 Bxg2 14. Kxg2 Nfd7 15. Rad1 Ra7 16. Rd2 Bf6 17. Rfd1 Kf8 18. Nxc5 1-0

[Event "Wch Seniors 65 24th"]
[Site "Katerini"]
[Date "2014.10.27"]
[Round "4"]
[White "Choong, Liong On Mark"]
[Black "Morriss, Pete R"]
[Result "0-1"]
[WhiteElo "1921"]
[BlackElo "2032"]
[PlyCount "66"]
[EventDate "2014.10.24"]
[EventType "swiss"]
[EventRounds "11"]
[EventCountry "GRE"]
[SourceTitle "EXT 2015"]
[Source "ChessBase"]
[SourceDate "2014.11.20"]
[SourceVersion "1"]
[SourceVersionDate "2014.11.20"]
[SourceQuality "1"]

1. c4 Nf6 2. Nc3 e6 3. e4 e5 4. Nge2 Nc6 5. a3 a5 6. d4 d6 7. d5 Nb8 8. h3 Nbd7 9. Be3 g6 10. Ng3 Bg7 11. Bd3 0-0 12. Qd2 Nc5 13. Bc2 h5 14. Bg5 Qe8 15. 0-0-0 Bd7 16. f4 Nh7 17. f5 Nxg5 18. Qxg5 Kh7 19. Kb1 Bh6 20. Qh4 b5 21. cxb5 Bxb5 22. f6 Rg8 23. Nge2 Rb8 24. g4 Bxe2 25. Rde1 Bd3 26. Rh2 Bxc2+ 27. Rxc2 Nd3 28. Rd1 g5 29. Qg3 Nf4 30. Rdc1 Rb3 31. Qf3 h4 32. Qf1 Qb8 33. Na4 Rxa3 0-1

[Event "NCC op"]
[Site "Ireland"]
[Date "2014.04.27"]
[Round "4"]
[White "Morriss, Pete R"]
[Black "Freeman, Gordon"]
[Result "1-0"]
[WhiteElo "2008"]
[BlackElo "2068"]
[PlyCount "75"]
[EventDate "2014.04.26"]
[EventType "swiss"]
[EventRounds "9"]
[EventCountry "IRL"]
[SourceTitle "EXT 2015"]
[Source "ChessBase"]
[SourceDate "2014.11.20"]
[SourceVersion "1"]
[SourceVersionDate "2014.11.20"]
[SourceQuality "1"]

1. b4 d5 2. Bb2 Qd6 3. a3 e5 4. Nf3 Nd7 5. e3 Ne7 6. c4 c6 7. Nc3 dxc4 8. Bxc4 Nb6 9. Ne4 Qh6 10. Nxe5 Nxc4 11. Nxc4 Nf5 12. 0-0 Be6 13. Qc2 0-0-0 14. Rfc1 Nd6 15. Na5 Bd7 16. a4 Qh4 17. Nc5 Qxb4 18. Ncxb7 Nxb7 19. Nxc6 Qc5 20. Qb3 Bxc6 21. Rxc5 Nxc5 22. Qxf7 Nd3 23. Bd4 a5 24. Qf5+ Kc7 25. Qxd3 Bc5 26. Be5+ Bd6 27. Qc3 Bxe5 28. Qxe5+ Kd7 29. Qxa5 Rc8 30. Qf5+ Ke7 31. a5 Rhf8 32. Qxh7 Kf7 33. d4 Bd7 34. a6 Rh8 35. Qe4 Rh6 36. a7 Rhc6 37. h3 Rc1+ 38. Rxc1 1-0

[Event "Wch Seniors 23rd"]
[Site "Opatija"]
[Date "2013.11.19"]
[Round "7"]
[White "Valenti, Giuseppe"]
[Black "Morriss, Pete R"]
[Result "1-0"]
[WhiteElo "2182"]
[BlackElo "2008"]
[PlyCount "67"]
[EventDate "2013.11.12"]
[EventType "swiss"]
[EventRounds "11"]
[EventCountry "CRO"]
[SourceTitle "CBM 157 Extra"]
[Source "ChessBase"]
[SourceDate "2013.12.19"]
[SourceVersion "1"]
[SourceVersionDate "2013.12.19"]
[SourceQuality "1"]

1. e4 c6 2. d4 d5 3. Nc3 dxe4 4. Nxe4 Nf6 5. Nxf6+ gxf6 6. c3 Bf5 7. Bc4 e6 8. Qf3 Rg8 9. h3 Nd7 10. Ne2 Bd6 11. g4 Bg6 12. Ng3 Qc7 13. Ne4 0-0-0 14. Be3 Nb6 15. Bb3 Nd5 16. 0-0-0 Bxe4 17. Qxe4 h5 18. Qf3 Nxe3 19. fxe3 hxg4 20. hxg4 Rg6 21. Rh7 Qe7 22. Bc2 Rg5 23. Rh6 f5 24. gxf5 Rg3 25. Qh5 Rxe3 26. f6 Qc7 27. Rh7 Rf8 28. Bg6 Bf4 29. Kb1 Qb6 30. Bxf7 Rxc3 31. Bxe6+ Kb8 32. Rh8 Bd6 33. Rxf8+ Bxf8 34. Qe8+ 1-0

[Event "Wch Seniors 23rd"]
[Site "Opatija"]
[Date "2013.11.16"]
[Round "5"]
[White "Yakimenko, Alexander A"]
[Black "Morriss, Pete R"]
[Result "1/2-1/2"]
[WhiteElo "2212"]
[BlackElo "2008"]
[PlyCount "120"]
[EventDate "2013.11.12"]
[EventType "swiss"]
[EventRounds "11"]
[EventCountry "CRO"]
[SourceTitle "CBM 157 Extra"]
[Source "ChessBase"]
[SourceDate "2013.12.19"]
[SourceVersion "1"]
[SourceVersionDate "2013.12.19"]
[SourceQuality "1"]

1. d4 Nf6 2. c4 c5 3. d5 b5 4. Nc3 b4 5. Nb1 e6 6. g3 Bb7 7. Bg2 exd5 8. Nh3 Qb6 9. cxd5 d6 10. 0-0 Nbd7 11. Nd2 Be7 12. Nc4 Qb5 13. Ne3 g6 14. a4 bxa3 15. Rxa3 Nb6 16. Nf4 Bf8 17. Bd2 Bg7 18. Qc2 0-0 19. Rfa1 g5 20. Rb3 Qd7 21. Nh3 h6 22. Nf5 Bxd5 23. Bxd5 Nbxd5 24. Ra6 Nb6 25. Rf3 g4 26. Nxh6+ Kh8 27. Rxf6 gxh3 28. Bc3 Qb7 29. f3 Nd5 30. Rfxd6 Nxc3 31. bxc3 Rab8 32. Nf5 Qb1+ 33. Qxb1 Rxb1+ 34. Kf2 Rh1 35. f4 Re8 36. Rxa7 Rxh2+ 37. Kf3 Rhxe2 38. Rd1 h2 39. Rh1 Bxc3 40. Rxf7 Be1 41. Rc7 Rc2 42. Rc6 Ree2 43. Kg4 Bb4 44. Kg5 Re8 45. Rh6+ Kg8 46. R6xh2 Rxh2 47. Rxh2 c4 48. Rb2 Rb8 49. Rc2 c3 50. Nd4 Rc8 51. f5 Kf7 52. g4 Be7+ 53. Kf4 Rc4 54. Ke3 Bc5 55. Kd3 Rxd4+ 56. Kxc3 Rxg4 57. Kd3 Bd6 58. Rc6 Ke7 59. Ra6 Rf4 60. Ra7+ Kf6 1/2-1/2

[Event "BCF-ch Senior"]
[Site "Torquay"]
[Date "2013.08.05"]
[Round "2.63"]
[White "Moore, Gerald C"]
[Black "Morriss, Pete R"]
[Result "0-1"]
[WhiteElo "2237"]
[BlackElo "1991"]
[PlyCount "80"]
[EventDate "2013.08.03"]
[EventType "swiss"]
[EventRounds "7"]
[EventCountry "ENG"]
[SourceTitle "EXT 2023"]
[Source "ChessBase"]
[SourceDate "2022.10.05"]
[SourceVersion "1"]
[SourceVersionDate "2022.10.05"]
[SourceQuality "1"]

1. Nf3 Nf6 2. c4 e6 3. g3 a6 4. Nc3 Bb4 5. Bg2 Bxc3 6. bxc3 b5 7. Nd4 c6 8. cxb5 axb5 9. 0-0 Qb6 10. d3 0-0 11. e4 d6 12. Be3 c5 13. Nb3 Bb7 14. f4 Qc7 15. h3 Nc6 16. Rf2 b4 17. c4 Ra3 18. g4 Rfa8 19. g5 Nd7 20. Bc1 R3a7 21. h4 Ne7 22. h5 d5 23. exd5 exd5 24. Qg4 dxc4 25. dxc4 Bxg2 26. Rxg2 Qc6 27. Re2 Qd6 28. Bb2 Rxa2 29. Rae1 Nc6 30. Qf3 Nd4 31. Bxd4 cxd4 32. Rxa2 Rxa2 33. c5 Qc7 34. Re8+ Nf8 35. Qe4 d3 36. g6 h6 37. Re7 d2 38. gxf7+ Kh8 39. Nxd2 Qxc5+ 40. Qe3 Qxh5 0-1